000 00270nam a22001217a 4500
008 181024b xxu||||| |||| 00| 0 eng d
041 _aeng
080 _a617
100 _a8
101 _aORT
245 _aThe Care of the Rheumatoid Hand
_cFlatt,A.E
942 _2udc
_cBK
999 _c50849
_d50849